000 00292nam a22001337a 4500
008 171228b xxu||||| |||| 00| 0 eng d
020 _a9780130176141
041 _aeng
080 _a338
100 _a53
101 _aMNG
245 _aFINANCIAL MANAGEMENT
_cFINKLER, S.A
942 _2udc
_cBK
999 _c39548
_d39548